Sports Quiz

Random Sports or NBA Quiz

Did This NBA Player Play For More Than 1 Team? Quiz Stats

 Plays Quiz not verified by Sporcle

Score 0/17 Timer 10:00
0 Plays Today
Question Answer Wrong Answers
Last easy one: LeBron James Yes
98.9%
No
0%
First Medium One: Blake Griffin Yes
98.9%
No
0%
Dwyane Wade Yes
96.8%
No
2.1%
Easy First: Stephen Curry No, he has not.
96.8%
Yes, he has played for more than 1 team
3.2%
Kobe Bryant No
95.8%
Yes
4.2%
Michael Jordan Yes
95.8%
No
4.2%
Now, for the greatest player in NBA History... click this to move to the last question
95.8%
Last Medium: Tony Parker Yes
92.6%
No
5.3%
Clyde Drexler Yes
91.6%
No
6.3%
Hakeem Olajuwon Yes
77.9%
No
20%
Langston Galloway Yes
76.8%
No
18.9%
Kiki Vendeweghe Yes
72.6%
No
26.3%
IMOSSIBLE: Aaron Brooks Yes
72.6%
No
23.2%
Darrell Griffith No
60%
Yes
36.8%
First Hard: Michael Redd Yes
56.8%
No
40%
First Impossible: Bob Cousy Yes
52.6%
No
43.2%
Last Hard: Mark Eaton No
47.4%
Yes
48.4%

You're not logged in!

Compare scores with friends on all Sporcle quizzes.
OR
Log In

Show Comments

Extras

Created May 21, 2019ReportNominate
Tags:NBA Quiz, Play Quiz, player, team

Top Quizzes Today


Score Distribution

Your Account Isn't Verified!

In order to create a playlist on Sporcle, you need to verify the email address you used during registration. Go to your Sporcle Settings to finish the process.

Report this User

Report this user for behavior that violates our Community Guidelines.

Details: